Statistics for how to say in hebrew

Click here to take the quiz!

General Stats

  • This quiz has been taken 210 times
  • The average score is 7 of 15

Answer Stats

EnglishHebrew% Correct
HelloShalom
99%
GreenYarok
75%
HatKova
58%
BabyTinok
54%
MapMapa
51%
PictureTmuna
50%
XboxXbox
43%
StupidTipesh
42%
ScissorsMisparaim
40%
How are you?Ma Shlomcha?
37%
Insane [adjective]Meshuga
36%
HelmetKasda
35%
Fan [Electricity]Meavrer
28%
ControllerShalat
24%
Fan [hands]Nafnefa
1%

Score Distribution

Percentile by Number Answered

Percent of People with Each Score

Your Score History

You have not taken this quiz